00981nam a22002057a 4500003000500000005001700005008004100022020002300063040001400086041000600100082002200106245030500128260004600433300002200479490002500501500012000526650005400646942005600700999001900756322820250318112552.0250318b sa ||||| |||| 00| 0 eng d a9781868309757qpbk aRDAc3228 2E 223a371.271 ACCO aCover image for Accounting [Grade 12] higher grade past papers, National Department of Education a study aidAccounting [Grade 12] higher grade past papers, National Department of Education a study aid Title: Accounting [Grade 12] higher grade past papers, National Department of Education a study aid a Bramley:b Guidelines study aids;c2005. a99 pages;c30 cm. aThe blue book series a Contains exam papers with model answers for November 2004, March 2004, November 2003, March 2003 and November 2002 a Accounting--Examinations, questions, etc9192567 2ddccBOOKw375xRosinah Mosakoy375zRosinah Mosako c773174d773173